Click the Official Language - Statistics

General Stats
  • This quiz has been taken 203 times
  • The average score is 8 of 8
Answers on the Map
Answers color-coded by a green-red scale on the quiz's map according to % correct below.
 
Answer Stats
Answer % Correct
Arabic
96%
English
96%
Mandarin
96%
Russian
96%
French
94%
Portuguese
92%
Spanish
91%
Dutch
90%
No matching quizzes found
Score Distribution
Percent of People with Each Score
Percentile by Number Answered
Your Score History
You have not taken this quiz